Statistiques concernant Les pays consommant le plus de cigarettes à l'année

Cliquez ici pour prendre le quiz!

Statistiques générales

  • Ce quiz a été pris 341 fois
  • Le résultat moyen est 3 sur 10

Statistiques - réponses

RangPaysNombre de cigarettes par an et par personne% Correct
5Russie2690
88%
9Chine2250
79%
7Belgique2353
37%
2Bélarus3831
33%
8Luxembourg2284
23%
6Slovénie2637
17%
1Monténégro4125
14%
4Macédoine2732
9%
3Liban3023
8%
10Bosnie Herzégovine2233
3%

Distribution des résultats

Percentile par nombre de réponses

% des personnes avec chaque résultat

Votre développement - résultats

Vous n’avez pas pris ce quiz